000 00669nam a22001937a 4500
003 JO-AjAnu
005 20241020121625.0
008 241019b jo ||||| |||| 00| 0 ara d
040 _cJO-AjAnu
041 _aARA
100 1 _aمصالحة، مروان
_966259
_eمؤلف
245 1 0 _aعالم الالوان في حياة الانسان /
_cتأليف مروان مصالحة ؛ علي تيتي
250 _aالطبعة الاولى
260 _aعمان:
_bدار يافا العلمية الحديثة،
_c2024
300 _a172صفحة
650 7 0 _aالالوان
_966260
700 1 _aتيتي، علي
_966266
_eمؤلف مشارك
942 _2lcc
_cBK
_n0
999 _c33734
_d33734